000 00471nam a2200157 4500
999 _c15346
_d15346
008 200610b ||||| |||| 00| 0 eng d
020 _a978-1-84428-622-5
082 _22008
_aDFic
_bH785
100 _aHorowitz, Anthony
_942177
245 _aNecropolis :
_bwelcome to the city of the dead /
_cAnthony Horowitz.
260 _aLondon :
_bWalker Books ,
_c©2008.
300 _a387 pages ;
_c23 cm.
650 _aFiction
_942178
365 _b230.00
_cPhp
942 _2ddc
_cDFIC